000
00215nam a22000857a 4500
008
160914b xxu||||| |||| 00| 0 eng d
100
_9
478
_a
Burns.D.etal
245
_a
English Grammer-8
260
_a
New Delhi
_b
Cordova
_c
2012
999
_c
3135
_d
3135